000 00513nam a2200181Ia 4500
008 090124s9999 xx 000 0 und d
082 _b16759
100 _aकुलकर्णी विनायक
245 _a घर
250 _a1
260 _bचारुदत्ता प्रकाशन
_c1982
300 _a100
600 _aकुलकर्णी विनायक
630 _a घर
700 _aकुलकर्णी विनायक
730 _a घर
942 _cBOOK
999 _c88883
_d88883